[Event "4NCL Online Division 7"]
[Site "online"]
[Date "2021.03.23"]
[EventDate "2021.03.23"]
[Round "5.121"]
[White "Terry, Sean"]
[WhiteElo "1939"]
[WhiteTeam "Oxford 4"]
[Black "Ivan, Austin"]
[BlackElo "1660"]
[BlackTeam "Harrow 4"]
[Result "0-1"]
[PlyCount "62"]

1. e4 c5 2. Nf3 e6 3. c3 d5 4. e5 Nc6 5. d4 Qb6 6. a3 Bd7 7. Be2 Rc8 8. O-O a6 9. b4 cxd4 10. cxd4 Nge7 11. Be3 Nf5 12. g4 Nxe3 13. fxe3 Be7 14. Nbd2 Na7 15. Nb3 Ba4 16. Qd3 Bxb3 17. Qxb3 O-O 18. g5 Rc7 19. Rfc1 Rfc8 20. Qd1 Nb5 21. Bxb5 Qxb5 22. Rxc7 Rxc7 23. Rc1 Rc4 24. Nd2 Rxc1 25. Qxc1 g6 26. h4 Qe2 27. Nf1 Qg4+ 28. Kf2 Qxh4+ 29. Ke2 Qxg5 30. Qc8+ Kg7 31. Qxb7 Qg2+ 0-1

[Event "4NCL Online Division 7"]
[Site "online"]
[Date "2021.03.23"]
[EventDate "2021.03.23"]
[Round "5.122"]
[White "Gurjar, Siena"]
[WhiteElo "1455"]
[WhiteTeam "Harrow 4"]
[Black "Evans, Christopher J"]
[BlackElo "1820"]
[BlackTeam "Oxford 4"]
[Result "0-1"]
[PlyCount "70"]

1. e4 c5 2. Nf3 d6 3. d4 cxd4 4. Nxd4 Nf6 5. Nc3 a6 6. Bd3 g6 7. O-O Bg7 8. Be3 O-O 9. Re1 Ng4 10. Nf3 Nxe3 11. Rxe3 Nc6 12. h3 b5 13. Rb1 Bb7 14. a4 b4 15. Ne2 Qc7 16. c3 Rac8 17. cxb4 Nxb4 18. Rc1 Qa5 19. Rxc8 Rxc8 20. b3 Bh6 21. Qd2 Bxe3 22. Qxe3 Qc5 23. Qxc5 Rxc5 24. Bb1 a5 25. Kh2 Ba6 26. Ned4 Rc1 27. e5 Rxb1 28. exd6 exd6 29. Kg3 Bb7 30. Kf4 Nd3+ 31. Ke3 Nc1 32. Kd2 Nxb3+ 33. Kc2 Be4+ 34. Kc3 Nxd4 35. Nxd4 Bxg2 0-1

[Event "4NCL Online Division 7"]
[Site "online"]
[Date "2021.03.23"]
[EventDate "2021.03.23"]
[Round "5.123"]
[White "Bush, Ian"]
[WhiteElo "1782"]
[WhiteTeam "Oxford 4"]
[Black "Patel, Krrish"]
[BlackElo "1411"]
[BlackTeam "Harrow 4"]
[Result "1-0"]
[PlyCount "68"]

1. e4 c5 2. d4 cxd4 3. c3 dxc3 4. Nxc3 d6 5. Nf3 Nc6 6. Bc4 e6 7. O-O a6 8. Qe2 Nf6 9. Rd1 Qc7 10. Bf4 e5 11. Be3 Be6 12. Bxe6 fxe6 13. Qc4 Qf7 14. Ng5 Qe7 15. Nxe6 Rc8 16. Bb6 Kd7 17. Ng5 Nd4 18. Qa4+ Rc6 19. Bxd4 exd4 20. Rxd4 h6 21. Nf3 Kc8 22. Rad1 Qc7 23. Nd5 Nxd5 24. exd5 b5 25. Qa3 Rc4 26. Qxa6+ Kd8 27. Rxc4 bxc4 28. Rc1 g5 29. Nd4 Ke7 30. Rxc4 Qd7 31. Ne6 Qe8 32. Qa7+ Kf6 33. Qd4+ Kf5 34. Qxh8 Qa4 1-0

[Event "4NCL Online Division 7"]
[Site "online"]
[Date "2021.03.23"]
[EventDate "2021.03.23"]
[Round "5.124"]
[White "Laza, Andrei"]
[WhiteElo "1227"]
[WhiteTeam "Harrow 4"]
[Black "Rogan, Killian"]
[BlackElo "1802"]
[BlackTeam "Oxford 4"]
[Result "0-1"]
[PlyCount "48"]

1. b3 e5 2. Bb2 Nc6 3. e3 Nf6 4. Bb5 Bd6 5. Ne2 a6 6. Bxc6 dxc6 7. O-O O-O 8. f4 exf4 9. Nxf4 b5 10. h3 Bb7 11. d3 c5 12. e4 Re8 13. Nd2 Nd7 14. Qg4 Ne5 15. Qe2 Qg5 16. Nf3 Nxf3+ 17. Qxf3 f6 18. Bc1 Qe5 19. Be3 c4 20. Rac1 cxd3 21. cxd3 f5 22. Ne2 Qh2+ 23. Kf2 fxe4 24. Qg4 exd3 0-1

[Event "4NCL Online Division 7"]
[Site "online"]
[Date "2021.03.23"]
[EventDate "2021.03.23"]
[Round "5.131"]
[White "Kanellopoulos, Panayotis"]
[WhiteElo "2278"]
[WhiteTeam "Colchester JFF A"]
[Black "Bernard, Christopher"]
[BlackElo "1696"]
[BlackTeam "Streatham B"]
[Result "1-0"]
[PlyCount "97"]

1. c4 b6 2. Nc3 Bb7 3. e4 e6 4. Nge2 Nc6 5. d4 Bb4 6. a3 Bxc3+ 7. Nxc3 Nge7 8. d5 Ne5 9. Qd4 f6 10. Be2 c5 11. Qd1 exd5 12. exd5 Nf5 13. f4 Ng6 14. O-O O-O 15. Bd3 Nd4 16. Be3 f5 17. Bxd4 cxd4 18. Nb5 Qf6 19. Be2 d3 20. Qxd3 a6 21. Nc3 Rae8 22. g3 d6 23. Bf3 Re7 24. Rae1 Rfe8 25. Rxe7 Rxe7 26. Kf2 a5 27. Re1 Rxe1 28. Kxe1 Ba6 29. Kd2 Ne7 30. Kc2 g6 31. Be2 Kf7 32. Qe3 Nc8 33. Na4 Qe7 34. Qxe7+ Kxe7 35. b4 Kd7 36. Kc3 Kc7 37. Bd3 Ne7 38. Kd4 Bb7 39. Nc3 axb4 40. axb4 Ba6 41. Bc2 Nc8 42. Ba4 Kd8 43. Bc6 Na7 44. h4 Bc8 45. Na4 Nxc6+ 46. dxc6 Kc7 47. Kd5 Be6+ 48. Kxe6 Kxc6 49. b5+ 1-0

[Event "4NCL Online Division 7"]
[Site "online"]
[Date "2021.03.23"]
[EventDate "2021.03.23"]
[Round "5.132"]
[White "Chung, Michael"]
[WhiteElo "1631"]
[WhiteTeam "Streatham B"]
[Black "Rida, Ruqayyah"]
[BlackElo "1574"]
[BlackTeam "Colchester JFF A"]
[Result "1/2-1/2"]
[PlyCount "87"]

1. e4 e5 2. Nf3 Nc6 3. Bc4 Bc5 4. d3 d6 5. c3 h6 6. O-O Nf6 7. a4 a5 8. Be3 Bxe3 9. fxe3 O-O 10. Nbd2 Be6 11. Bb5 Ne7 12. d4 exd4 13. exd4 c6 14. Bd3 d5 15. Qc2 dxe4 16. Nxe4 Ned5 17. Rae1 Ng4 18. Qd2 b6 19. h3 Ngf6 20. Ne5 Rc8 21. Rf3 Nd7 22. Nd6 Nxe5 23. dxe5 Rc7 24. Rg3 Kh8 25. Bf5 Qe7 26. Bc2 f6 27. Qd3 f5 28. Rf1 g5 29. Nxf5 Bxf5 30. Rxf5 Rxf5 31. Qxf5 Qf7 32. e6 Qxf5 33. Bxf5 Nf4 34. Re3 Re7 35. g4 Kg7 36. Kf2 Kf6 37. Kg3 Nxe6 38. Bxe6 Rxe6 39. Rd3 Ke5 40. Kf3 Rf6+ 41. Ke3 Rf4 42. b3 Re4+ 43. Kf3 Rf4+ 44. Ke3 1/2-1/2

[Event "4NCL Online Division 7"]
[Site "online"]
[Date "2021.03.23"]
[EventDate "2021.03.23"]
[Round "5.133"]
[White "Catabay, Mae Katelyn Rose"]
[WhiteElo "1565"]
[WhiteTeam "Colchester JFF A"]
[Black "Oshundiya, Angelo"]
[BlackElo "1486"]
[BlackTeam "Streatham B"]
[Result "1-0"]
[PlyCount "87"]

1. e4 c6 2. d4 d5 3. Nc3 dxe4 4. Nxe4 Bf5 5. Ng3 Bg6 6. Nf3 Nd7 7. c4 Ngf6 8. Bd3 e6 9. O-O Bd6 10. c5 Bxg3 11. hxg3 Bxd3 12. Qxd3 Nxc5 13. Qc4 Nce4 14. Re1 Nd6 15. Qb4 Nd5 16. Qb3 h5 17. Bf4 Nxf4 18. gxf4 Qf6 19. Qe3 h4 20. Qe5 Qe7 21. Rad1 O-O-O 22. f5 Nxf5 23. Qxf5 g6 24. Qe5 h3 25. g3 Rh5 26. Qf4 Rdh8 27. Kh2 g5 28. Qe4 Qf6 29. Rd2 Qg7 30. Qe5 Qh6 31. Qe4 g4 32. Qxg4 Rf5 33. Rde2 Rd5 34. Re5 f5 35. Qg5 Qf8 36. Rxe6 Qf7 37. Re7 f4 38. Rxf7 Rxg5 39. Nxg5 fxg3+ 40. fxg3 a5 41. Ree7 b5 42. Rc7+ Kd8 43. Ne6+ Ke8 44. Rfe7# 1-0

[Event "4NCL Online Division 7"]
[Site "online"]
[Date "2021.03.23"]
[EventDate "2021.03.23"]
[Round "5.134"]
[White "Buckman, Cyrus"]
[WhiteElo "1353"]
[WhiteTeam "Streatham B"]
[Black "Kanellopoulos, Nikolas"]
[BlackElo "1531"]
[BlackTeam "Colchester JFF A"]
[Result "1-0"]
[PlyCount "63"]

1. d4 d5 2. c4 e6 3. Nc3 Nf6 4. Nf3 Be7 5. Bf4 O-O 6. e3 Nbd7 7. Be2 b6 8. a3 a5 9. Nb5 c5 10. Bc7 Qe8 11. Nd6 Bxd6 12. Bxd6 Qd8 13. Bxf8 Qxf8 14. O-O Ne4 15. Qc2 Ndf6 16. Nd2 Bb7 17. Bf3 Rc8 18. Rac1 Qd6 19. Nxe4 Nxe4 20. Bxe4 dxe4 21. Rfd1 Qc6 22. d5 exd5 23. cxd5 Qg6 24. Qa4 Rd8 25. Rc4 h6 26. Rxe4 Rxd5 27. Rg4 Rg5 28. h3 Qh5 29. Rd8+ Kh7 30. Qc2+ g6 31. Qc3 Re5 32. f4 1-0

[Event "4NCL Online Division 7"]
[Site "online"]
[Date "2021.03.23"]
[EventDate "2021.03.23"]
[Round "5.141"]
[White "Badacsonyi, Frankie"]
[WhiteElo "1675"]
[WhiteTeam "MHJ Bishops"]
[Black "Gibbison, Robert"]
[BlackElo "1570"]
[BlackTeam "Harborough Cuatro 2"]
[Result "1-0"]
[PlyCount "37"]

1. d4 d5 2. Nc3 Nf6 3. Bg5 e6 4. e4 dxe4 5. Nxe4 Be7 6. Bxf6 Bxf6 7. c3 Nd7 8. f4 O-O 9. Bd3 b6 10. Nf3 Bb7 11. Qe2 Bh4+ 12. g3 Be7 13. h4 c5 14. Neg5 Bxg5 15. Bxh7+ Kxh7 16. hxg5+ Kg8 17. Qh2 f5 18. g6 Rf6 19. Qh8# 1-0

[Event "4NCL Online Division 7"]
[Site "online"]
[Date "2021.03.23"]
[EventDate "2021.03.23"]
[Round "5.142"]
[White "Garland, Michael A snr"]
[WhiteElo "1510"]
[WhiteTeam "Harborough Cuatro 2"]
[Black "Karia, Kamlesh"]
[BlackElo "1560"]
[BlackTeam "MHJ Bishops"]
[Result "1-0"]
[PlyCount "121"]

1. e4 e5 2. Nf3 Nc6 3. Bc4 Bc5 4. c3 Nf6 5. d3 d6 6. b4 Bb6 7. a4 a6 8. a5 Ba7 9. O-O Bg4 10. Bg5 h6 11. Bh4 g5 12. Bg3 Nh5 13. h3 Nxg3 14. Re1 Bh5 15. Nbd2 Qf6 16. Qb3 g4 17. hxg4 Bxg4 18. b5 axb5 19. Bxb5 O-O 20. Bxc6 bxc6 21. Qb7 Rfb8 22. Qxc6 Rc8 23. Rab1 Nh5 24. Rb7 Qd8 25. d4 exd4 26. cxd4 Nf4 27. Re3 Qd7 28. Qc4 Be6 29. Qc3 d5 30. Ne5 Qe7 31. Rg3+ Kh8 32. Qe3 Qh4 33. Ndf3 Qf6 34. Nd3 Nxd3 35. Qxd3 Rcb8 36. e5 Qf5 37. Qxf5 Bxf5 38. Rxc7 Rb1+ 39. Kh2 Rbb8 40. Rxf7 Rg8 41. Rxf5 Rxg3 42. Kxg3 Bb8 43. Rh5 Kg7 44. Nh4 Rxa5 45. f4 Ra4 46. Nf3 Kg6 47. Rh1 Ba7 48. Rd1 Kf5 49. Rb1 Bxd4 50. Rb5 Ke4 51. Nd2+ Kd3 52. e6 Ra8 53. Rxd5 Kxd2 54. Rxd4+ Ke3 55. Rd7 Re8 56. e7 Ke4 57. Kg4 h5+ 58. Kg5 h4 59. f5 Ke5 60. f6 Ke6 61. Rd8 1-0

[Event "4NCL Online Division 7"]
[Site "online"]
[Date "2021.03.23"]
[EventDate "2021.03.23"]
[Round "5.143"]
[White "Bhattacharya, Cali"]
[WhiteElo "1315"]
[WhiteTeam "MHJ Bishops"]
[Black "Collins, RF (Bob)"]
[BlackElo "1468"]
[BlackTeam "Harborough Cuatro 2"]
[Result "1-0"]
[PlyCount "63"]

1. e4 c5 2. Nf3 d6 3. Bc4 e6 4. Nc3 a6 5. a4 Nf6 6. O-O Nc6 7. d3 g6 8. Bg5 Bg7 9. d4 Qc7 10. d5 Nd8 11. dxe6 Bxe6 12. Bxe6 fxe6 13. Re1 Nf7 14. Bf4 e5 15. Bg5 Nxg5 16. Nxg5 Qd7 17. Nd5 Nxd5 18. Qxd5 O-O-O 19. Nf7 Rhf8 20. Nxd8 Kxd8 21. Rad1 Kc7 22. Re3 Rd8 23. Rb3 b6 24. Qc4 Kb7 25. Ra3 a5 26. Rb3 Bh6 27. Rb5 Ka7 28. Rd3 Qe7 29. Rdb3 Rb8 30. Qc3 Bg5 31. Qxa5+ bxa5 32. Rxa5# 1-0

[Event "4NCL Online Division 7"]
[Site "online"]
[Date "2021.03.23"]
[EventDate "2021.03.23"]
[Round "5.144"]
[White "Butler, Rene"]
[WhiteElo "1166"]
[WhiteTeam "Harborough Cuatro 2"]
[Black "Burnton, Joshua"]
[BlackElo "1315"]
[BlackTeam "MHJ Bishops"]
[Result "0-1"]
[PlyCount "110"]

1. d4 Nf6 2. Bf4 e6 3. e3 d5 4. c3 c5 5. Nd2 Qb6 6. Qb3 Be7 7. Qxb6 axb6 8. Bb5+ Bd7 9. Bxd7+ Nbxd7 10. Ngf3 Nh5 11. Bg3 Nxg3 12. hxg3 h6 13. a3 c4 14. Ke2 f6 15. a4 e5 16. b3 e4 17. Ne1 b5 18. a5 b6 19. b4 bxa5 20. Rxa5 Rxa5 21. bxa5 Kf7 22. Nc2 Ra8 23. Ra1 Bd8 24. a6 Nb8 25. a7 Nc6 26. Nb4 Nxb4 27. cxb4 Bb6 28. f3 exf3+ 29. Nxf3 Rxa7 30. Rxa7+ Bxa7 31. Nd2 Ke6 32. Nb1 Kd6 33. Na3 Kc6 34. Nc2 Bb8 35. Kf3 g6 36. Kg4 f5+ 37. Kf3 h5 38. Kf2 Bd6 39. Kf3 Kd7 40. Kf2 Ke6 41. Na3 Bxb4 42. Nxb5 c3 43. Nc7+ Kd6 44. Nb5+ Kc6 45. Nxc3 Bxc3 46. Kf3 g5 47. Kf2 g4 48. Ke2 Kb5 49. Kf2 Kc4 50. Ke2 Bb4 51. Kf2 Kd3 52. e4 fxe4 53. Kg1 e3 54. Kf1 e2+ 55. Kf2 e1=Q# 0-1

[Event "4NCL Online Division 7"]
[Site "online"]
[Date "2021.03.23"]
[EventDate "2021.03.23"]
[Round "5.151"]
[White "Liu, Wenle"]
[WhiteElo "1162"]
[WhiteTeam "St Benildus E"]
[Black "Rosenbaum, Danny"]
[BlackElo "1723"]
[BlackTeam "Hackney Go Lucky"]
[Result "1-0"]
[PlyCount "89"]

1. e4 e5 2. Nf3 Nc6 3. Bc4 Bc5 4. c3 Nf6 5. d4 exd4 6. cxd4 Bb4+ 7. Bd2 Nxe4 8. Bxb4 Nxb4 9. Bxf7+ Kf8 10. Bb3 d6 11. O-O Qf6 12. Qe1 Ng5 13. Nxg5 Qxg5 14. f4 Qb5 15. Nc3 Qe8 16. Qxe8+ Kxe8 17. Nb5 Kd7 18. Rfe1 Kc6 19. a4 a6 20. d5+ Kb6 21. Nc3 Bf5 22. a5+ Ka7 23. Re7 Rac8 24. Rxg7 Nd3 25. g4 Rhg8 26. Rxg8 Rxg8 27. h3 Nxf4 28. Kh2 Bd7 29. Rf1 Ng6 30. Rf7 Ne5 31. Rxh7 Bb5 32. Nxb5+ axb5 33. Rxc7 Ka6 34. Bc2 Nc4 35. b4 Re8 36. Bd3 Ne5 37. Bf5 Nf3+ 38. Kg3 Nd4 39. Rd7 Nxf5+ 40. gxf5 Re5 41. Rxd6+ Ka7 42. Kf4 Re8 43. f6 b6 44. Rxb6 Ka8 45. Rxb5 1-0

[Event "4NCL Online Division 7"]
[Site "online"]
[Date "2021.03.23"]
[EventDate "2021.03.23"]
[Round "5.152"]
[White "McCabe, Gavin"]
[WhiteElo "1514"]
[WhiteTeam "Hackney Go Lucky"]
[Black "Hand, Joseph"]
[BlackElo "1092"]
[BlackTeam "St Benildus E"]
[Result "0-1"]
[PlyCount "66"]

1. d4 d5 2. Bf4 Nc6 3. Nf3 Bf5 4. Nc3 e6 5. Nb5 Bd6 6. Nxd6+ cxd6 7. e3 Nge7 8. Bd3 Bxd3 9. Qxd3 Ng6 10. Bg3 e5 11. dxe5 dxe5 12. Qd2 Qd7 13. O-O O-O 14. e4 d4 15. Rad1 f6 16. c3 Rfd8 17. Rfe1 Nf8 18. h4 Ne6 19. h5 h6 20. Nh4 a5 21. Nf5 b5 22. Qe2 Qb7 23. Qg4 Kh7 24. Qg6+ Kh8 25. Bh4 Nf8 26. Qg4 Kh7 27. Rd3 Rd7 28. Rg3 b4 29. Bxf6 Ra7 30. Bxe5 Nxe5 31. Qf4 Nd3 32. Rxd3 dxc3 33. bxc3 Rxd3 0-1

[Event "4NCL Online Division 7"]
[Site "online"]
[Date "2021.03.23"]
[EventDate "2021.03.23"]
[Round "5.153"]
[White "Gubala, Max"]
[WhiteElo "1110"]
[WhiteTeam "St Benildus E"]
[Black "Wouters, Olivier"]
[BlackElo "1400"]
[BlackTeam "Hackney Go Lucky"]
[Result "1-0"]
[PlyCount "111"]

1. e4 c5 2. Nf3 d6 3. d4 cxd4 4. Nxd4 e5 5. Nf3 Nf6 6. Bd3 g6 7. Be3 Bg7 8. h3 O-O 9. O-O Nc6 10. Nc3 Be6 11. Qd2 a6 12. Rad1 d5 13. exd5 Nxd5 14. Nxd5 Bxd5 15. Be2 Be6 16. Qxd8 Raxd8 17. Bb6 Rxd1 18. Rxd1 e4 19. Ng5 Bxb2 20. Nxe6 fxe6 21. Bc4 Re8 22. Re1 Kf7 23. Rxe4 Nb4 24. Rf4+ Bf6 25. Bd4 Nd5 26. Bxd5 exd5 27. Rxf6+ Kg8 28. c3 Re2 29. a3 Rb2 30. Rd6 Rb3 31. Rxd5 Rxa3 32. Bb6 Rxc3 33. Rd7 Rc1+ 34. Kh2 Rb1 35. Rxb7 a5 36. Rb8+ Kf7 37. Bc7 Ra1 38. Ra8 a4 39. Bd6 Ke6 40. Bb4 Kd5 41. Kg3 Kc4 42. Bf8 Kb5 43. f4 Kb6 44. Kg4 Kb7 45. Rd8 a3 46. Rd7+ Kc6 47. Rxh7 a2 48. Bg7 Rg1 49. g3 Kd5 50. Kf3 Rf1+ 51. Kg2 Re1 52. Rh6 Rd1 53. Rxg6 Rd2+ 54. Kf3 Rd4 55. Bxd4 Kxd4 56. Ra6 1-0

[Event "4NCL Online Division 7"]
[Site "online"]
[Date "2021.03.23"]
[EventDate "2021.03.23"]
[Round "5.154"]
[White "Nabijou, Kayvon"]
[WhiteElo "1311"]
[WhiteTeam "Hackney Go Lucky"]
[Black "Kashanin, Dimitry"]
[BlackElo "967"]
[BlackTeam "St Benildus E"]
[Result "0-1"]
[PlyCount "104"]

1. e4 e6 2. d4 d5 3. Nc3 Nf6 4. e5 Nfd7 5. Nce2 c5 6. c3 Nc6 7. Nf3 Qb6 8. Rb1 f6 9. Nf4 fxe5 10. Nxe6 Ne7 11. Nxc5 exd4 12. Qxd4 Nxc5 13. Be3 Nd7 14. Qa4 Qg6 15. Rd1 Nf5 16. Rxd5 Nxe3 17. Re5+ Kd8 18. Rxe3 Qb1+ 19. Kd2 Qxb2+ 20. Kd1 Bc5 21. Nd4 Bxd4 22. Qxd4 Qb1+ 23. Kd2 Qxa2+ 24. Kd1 Qb3+ 25. Kd2 Qf7 26. Rf3 Qa2+ 27. Kc1 Re8 28. Bd3 Qa1+ 29. Bb1 Kc7 30. Rf7 Qa3+ 31. Kc2 Re2+ 32. Kd3 Qa6+ 33. c4 Qg6+ 34. Kxe2 Qxf7 35. Rd1 Qh5+ 36. Kf1 Qxh2 37. f4 Qh1+ 38. Kf2 Qh4+ 39. Kg1 Qf6 40. Qd2 Qb6+ 41. Kf1 a5 42. Bf5 Qc6 43. Bxh7 a4 44. Qd4 a3 45. Qxg7 a2 46. Qd4 a1=Q 47. Rxa1 Rxa1+ 48. Qxa1 Qxc4+ 49. Kg1 Qxf4 50. Qc3+ Kb8 51. Bg8 Qg5 52. Be6 Qc5+ 0-1

[Event "4NCL Online Division 7"]
[Site "online"]
[Date "2021.03.23"]
[EventDate "2021.03.23"]
[Round "5.161"]
[White "Wylie, Steve"]
[WhiteElo "1755"]
[WhiteTeam "Devana Corieltauvorum"]
[Black "Nallaperumal, Kasi Veshagan"]
[BlackElo "1495"]
[BlackTeam "Maidenhead 3"]
[Result "1-0"]
[PlyCount "77"]

1. d4 d5 2. Bf4 Nf6 3. e3 c5 4. c3 Nc6 5. Nd2 Bf5 6. Ngf3 Nh5 7. Bg5 h6 8. Bh4 c4 9. Ne5 Nf6 10. Be2 Nxe5 11. dxe5 Ne4 12. Nxe4 Bxe4 13. Bf3 Bg6 14. Qa4+ Qd7 15. Qxd7+ Kxd7 16. Bxd5 Rb8 17. Bxc4 e6 18. O-O b5 19. Rfd1+ Kc7 20. Bd3 Bh5 21. f3 Bc5 22. Bf2 b4 23. e4 Be7 24. Bxa7 Rb7 25. Bd4 bxc3 26. Bxc3 Bc5+ 27. Kf1 g5 28. g4 Bg6 29. Ke2 h5 30. Ba5+ Kb8 31. b4 Bd4 32. Rac1 hxg4 33. Ba6 Rxh2+ 34. Kf1 Bb2 35. Rd8+ Ka7 36. Bxb7 Bxc1 37. Rd7 gxf3 38. Bd5+ Ka6 39. Bc4# 1-0

[Event "4NCL Online Division 7"]
[Site "online"]
[Date "2021.03.23"]
[EventDate "2021.03.23"]
[Round "5.162"]
[White "Chen, William"]
[WhiteElo "1320"]
[WhiteTeam "Maidenhead 3"]
[Black "Harrison, Peter K"]
[BlackElo "1683"]
[BlackTeam "Devana Corieltauvorum"]
[Result "1-0"]
[PlyCount "53"]

1. e4 e5 2. Nf3 Nc6 3. Bc4 Bc5 4. c3 Nf6 5. d4 exd4 6. cxd4 Bb4+ 7. Bd2 Bxd2+ 8. Nbxd2 d5 9. exd5 Nxd5 10. O-O O-O 11. Ne4 Bg4 12. Ng3 Nf6 13. h3 Bxf3 14. Qxf3 Qxd4 15. Bb5 Qd5 16. Bxc6 bxc6 17. Qf5 Rab8 18. b3 Rb5 19. Qxd5 cxd5 20. Rfe1 Re8 21. Rxe8+ Nxe8 22. Re1 Kf8 23. f4 Nd6 24. Kf2 g6 25. Kf3 Rc5 26. Re2 Rc4 27. bxc4 1-0

[Event "4NCL Online Division 7"]
[Site "online"]
[Date "2021.03.23"]
[EventDate "2021.03.23"]
[Round "5.163"]
[White "Manger, John D"]
[WhiteElo "1660"]
[WhiteTeam "Devana Corieltauvorum"]
[Black "Kumar, Satyam"]
[BlackElo "1315"]
[BlackTeam "Maidenhead 3"]
[Result "1-0"]
[PlyCount "103"]

1. e4 e5 2. f4 d5 3. exd5 Qxd5 4. fxe5 Qxe5+ 5. Qe2 Qxe2+ 6. Bxe2 Nf6 7. d4 Nc6 8. c3 Bd6 9. Nf3 O-O 10. O-O Re8 11. Bc4 h6 12. Nbd2 a6 13. Bd3 b5 14. a3 Be6 15. Ne4 Nxe4 16. Bxe4 Bd7 17. Bd5 Rab8 18. Bd2 Ne7 19. Ba2 Ng6 20. Rae1 Rxe1 21. Nxe1 Be6 22. Bxe6 fxe6 23. Nd3 Rf8 24. Re1 Re8 25. g3 e5 26. dxe5 Nxe5 27. Nxe5 Rxe5 28. Rxe5 Bxe5 29. Kf2 Kf7 30. Kf3 Kf6 31. Bf4 Bxf4 32. Kxf4 g5+ 33. Ke4 Ke6 34. g4 c6 35. b4 Kf6 36. Kd4 Ke6 37. Kc5 Kd7 38. Kb6 Kd6 39. Kxa6 Kc7 40. Ka5 Kb7 41. a4 bxa4 42. Kxa4 Kb6 43. Kb3 Kb5 44. c4+ Kb6 45. Kc3 Kc7 46. Kd4 Kd6 47. Ke4 Ke6 48. b5 cxb5 49. cxb5 Kd6 50. Kf5 Kc5 51. Kg6 Kxb5 52. Kxh6 1-0

[Event "4NCL Online Division 7"]
[Site "online"]
[Date "2021.03.23"]
[EventDate "2021.03.23"]
[Round "5.164"]
[White "Balachandar, Sridhar"]
[WhiteElo "1216"]
[WhiteTeam "Maidenhead 3"]
[Black "Twigg, James"]
[BlackElo "1650"]
[BlackTeam "Devana Corieltauvorum"]
[Result "1/2-1/2"]
[PlyCount "103"]

1. e4 e5 2. Nf3 Nc6 3. Bc4 d6 4. Nc3 h6 5. d3 Nf6 6. d4 Bg4 7. h3 Bxf3 8. Qxf3 Nxd4 9. Qd3 c6 10. Be3 d5 11. exd5 cxd5 12. Bb5+ Nc6 13. O-O-O d4 14. Qf5 Bd6 15. Bxd4 exd4 16. Rhe1+ Be7 17. Qe5 O-O 18. Bxc6 bxc6 19. Qxe7 Qxe7 20. Rxe7 dxc3 21. bxc3 Rfe8 22. Rc7 Ne4 23. Rdd7 Rf8 24. Rxc6 Nxf2 25. Rc4 Rfd8 26. Rxd8+ Rxd8 27. Rf4 Rd1+ 28. Kb2 Rd2 29. Kb3 a5 30. Ra4 Rd5 31. c4 Rc5 32. Ra3 Ne4 33. g4 g5 34. Ka4 f5 35. gxf5 Rxf5 36. Re3 Nd2 37. Re8+ Kf7 38. Rc8 h5 39. c5 g4 40. hxg4 hxg4 41. c6 Rc5 42. Rd8 Nc4 43. Rd7+ Ke8 44. Rg7 Ne3 45. c7 Nxc2 46. Rxg4 Rxc7 47. Kxa5 Ra7+ 48. Kb6 Rxa2 49. Rg2 Kd7 50. Rd2+ Ke6 51. Kc5 Ra5+ 52. Kb6 1/2-1/2

[Event "4NCL Online Division 7"]
[Site "online"]
[Date "2021.03.23"]
[EventDate "2021.03.23"]
[Round "5.171"]
[White "Addis, Joseph"]
[WhiteElo "1825"]
[WhiteTeam "Newport B"]
[Black "Perry, Marcus"]
[BlackElo "1500"]
[BlackTeam "Aberystwyth University 2"]
[Result "1-0"]
[PlyCount "99"]

1. d4 d5 2. c4 dxc4 3. e3 Nf6 4. Bxc4 e6 5. Nf3 Nbd7 6. O-O Nb6 7. Bb3 Bd6 8. Nc3 h6 9. e4 Be7 10. Bf4 O-O 11. Qd3 c5 12. Bc2 cxd4 13. Nxd4 Bc5 14. Rad1 Qxd4 15. Qxd4 Bxd4 16. Rxd4 Bd7 17. Bc7 Rac8 18. Bxb6 axb6 19. e5 Nd5 20. Nxd5 exd5 21. Bb3 Bb5 22. Rfd1 Bc4 23. f4 b5 24. Kf2 Rfe8 25. Rxd5 Bxd5 26. Rxd5 Kf8 27. Rxb5 Re7 28. Bd5 g5 29. Kg3 Rcc7 30. a4 gxf4+ 31. Kxf4 Red7 32. a5 Ke7 33. Kf5 Kf8 34. h4 Kg7 35. Bf3 Rd4 36. Bxb7 Rxh4 37. Bf3 Rcc4 38. e6 Rhf4+ 39. Ke5 fxe6 40. Rb7+ Kg6 41. a6 Rf5+ 42. Kd6 Ra5 43. Rb6 Kf6 44. b4 Ra4 45. b5 Rd4+ 46. Kc7 Ke7 47. Bc6 e5 48. Rb8 e4 49. Kb7 Kd6 50. a7 1-0

[Event "4NCL Online Division 7"]
[Site "online"]
[Date "2021.03.23"]
[EventDate "2021.03.23"]
[Round "5.172"]
[White "Judge, Kieran"]
[WhiteElo "1300"]
[WhiteTeam "Aberystwyth University 2"]
[Black "Boyd, Chris"]
[BlackElo "1833"]
[BlackTeam "Newport B"]
[Result "0-1"]
[PlyCount "56"]

1. e4 c5 2. Nf3 d6 3. Bd3 g6 4. c3 Bg7 5. O-O Nf6 6. Bc2 e5 7. h3 O-O 8. d3 h6 9. Be3 Nc6 10. Nbd2 Qc7 11. Rc1 b5 12. d4 exd4 13. cxd4 cxd4 14. Nxd4 Nxd4 15. Bxd4 Qe7 16. Re1 Bb7 17. e5 dxe5 18. Bxe5 Rad8 19. Qe2 a6 20. Nf3 Rfe8 21. Bb3 Nd7 22. Rc7 Bxf3 23. Qxf3 Bxe5 24. Rxe5 Nxe5 25. Bxf7+ Qxf7 26. Rxf7 Nxf3+ 27. Rxf3 Re6 28. Kh2 Rd2 0-1

[Event "4NCL Online Division 7"]
[Site "online"]
[Date "2021.03.23"]
[EventDate "2021.03.23"]
[Round "5.173"]
[White "Thomas, Clive"]
[WhiteElo "1770"]
[WhiteTeam "Newport B"]
[Black "Bourne, Patrick"]
[BlackElo "1000"]
[BlackTeam "Aberystwyth University 2"]
[Result "1-0"]
[PlyCount "63"]

1. d4 Nf6 2. Nf3 g6 3. Nc3 Bg7 4. e4 d6 5. Be3 Bd7 6. Qd2 O-O 7. Bh6 c5 8. Bxg7 Kxg7 9. dxc5 dxc5 10. O-O-O Nc6 11. e5 Ng4 12. h3 Ngxe5 13. Nxe5 Nxe5 14. f4 Nc6 15. Qxd7 Nd4 16. Qxd8 Rfxd8 17. Bd3 Ne6 18. f5 Nf4 19. fxg6 hxg6 20. Be4 f5 21. Rxd8 Rxd8 22. Bxb7 g5 23. Rd1 Rxd1+ 24. Kxd1 g4 25. hxg4 fxg4 26. Ne2 e5 27. Nxf4 exf4 28. Bc8 g3 29. Ke2 Kg6 30. Kf3 Kg5 31. c3 a5 32. b3 1-0

[Event "4NCL Online Division 7"]
[Site "online"]
[Date "2021.03.23"]
[EventDate "2021.03.23"]
[Round "5.174"]
[White "Griffiths, Gabriela"]
[WhiteElo "1000"]
[WhiteTeam "Aberystwyth University 2"]
[Black "Connolly, David"]
[BlackElo "1540"]
[BlackTeam "Newport B"]
[Result "0-1"]
[PlyCount "130"]

1. e4 Nf6 2. Nc3 d5 3. d3 dxe4 4. dxe4 Qxd1+ 5. Nxd1 Nxe4 6. Bd3 Nc5 7. Nf3 c6 8. O-O Nxd3 9. cxd3 Bf5 10. d4 e6 11. h3 Na6 12. Ne3 Bg6 13. Bd2 O-O-O 14. a3 Nc7 15. b4 f6 16. a4 Be7 17. b5 cxb5 18. axb5 Kb8 19. b6 axb6 20. Nc4 Nd5 21. Ra2 Bd3 22. Rc1 Rc8 23. Ne3 Rxc1+ 24. Bxc1 Nc3 25. Ra1 Rc8 26. Ba3 Bxa3 27. Rxa3 Ba6 28. Rb3 Ne2+ 29. Kh2 b5 30. d5 exd5 31. Nxd5 Rd8 32. Ne7 Nf4 33. Rc3 b4 34. Rb3 Nd3 35. Nf5 Rd7 36. N5d4 Bc4 37. Rb1 Ka7 38. Nc2 b3 39. Na3 Bf7 40. Nb5+ Kb6 41. Nbd4 b2 42. Nd2 Rxd4 43. Nf3 Rb4 44. Nd2 Nc1 45. Rxb2 Rxb2 46. Ne4 Bd5 47. Nc3 Bc6 48. f3 Bxf3 49. Na4+ Kb5 50. Nxb2 Bd5 51. Nd1 Kb4 52. Ne3 Bf7 53. Nf5 g6 54. Nd6 Bd5 55. Ne8 f5 56. Nf6 Bc4 57. Nxh7 Kc3 58. Nf6 b5 59. Nd7 b4 60. Ne5 b3 61. Nxg6 b2 62. h4 b1=Q 63. Kh3 Qd3+ 64. g3 Ne2 65. Nf4 Qxg3# 0-1

[Event "4NCL Online Division 7"]
[Site "online"]
[Date "2021.03.23"]
[EventDate "2021.03.23"]
[Round "5.181"]
[White "Thorndyke, Alexander"]
[WhiteElo "1435"]
[WhiteTeam "Horsham 3"]
[Black "Davies, Owain"]
[BlackElo "1923"]
[BlackTeam "Aberystwyth University 1"]
[Result "0-1"]
[PlyCount "48"]

1. d4 f5 2. Bf4 Nf6 3. e3 g6 4. c3 Bg7 5. Be2 O-O 6. h4 h6 7. Nd2 d6 8. Qb3+ Kh7 9. Ngf3 Qe8 10. Ng5+ hxg5 11. hxg5+ Nh5 12. O-O-O e5 13. dxe5 dxe5 14. Bxh5 gxh5 15. Bg3 Nc6 16. Rh2 f4 17. exf4 exf4 18. Bh4 b6 19. Rdh1 Qg6 20. f3 Be6 21. Qa4 Ne5 22. Qe4 Bf5 23. Qa4 Nd3+ 24. Kd1 Nxb2+ 0-1